000 00360nam a22001457a 4500
008 230504b |||||||| |||| 00| 0 eng d
020 _a978-81-317-1683-0
100 _aP. Kotler & K. L. Keller
245 _aMarketing Management
250 _a13th Ed.
260 _aNew Delhi
_bPearson Pub.
_c2009
300 _a647
546 _aEnglish
942 _2ddc
_cBK
999 _c20003
_d20003